Servants in husbandry in early modern England /

Bibliographic Details
Main Author: Kussmaul, Ann
Format: Book
Language:English
Published: Cambridge [Cambridgeshire] ; New York, N.Y. : Cambridge University Press, 1981.
Series:Interdisciplinary perspectives on modern history.
Subjects:

MARC

Tag First Indicator Second Indicator Subfields
LEADER 00000cam a22000008a 4500
001 in00000072854
005 20151008054641.0
008 810109s1981 enkab b 00110 engm
010 |a  80041518  
015 |a GB81 
020 |a 0521235669 
035 |a (OCoLC)07206910 
035 |9 AAJ1276AM 
039 0 |a 2  |b 3  |c 3  |d 3  |e 3 
040 |a DLC  |c DLC  |d TXA  |d UtOrBLW 
043 |a e-uk-en 
049 |a TXAM  |c [1442293] 
050 0 0 |a HD1532  |b .K87 
082 0 |a 305.5/6  |2 19 
100 1 |a Kussmaul, Ann. 
245 1 0 |a Servants in husbandry in early modern England /  |c Ann Kussmaul. 
263 |a 8202 
264 1 |a Cambridge [Cambridgeshire] ;  |a New York, N.Y. :  |b Cambridge University Press,  |c 1981. 
300 |a xii, 233 pages :  |b illustrations, maps ;  |c 24 cm. 
336 |a text  |b txt  |2 rdacontent 
337 |a unmediated  |b n  |2 rdamedia 
338 |a volume  |b nc  |2 rdacarrier 
490 1 |a Interdisciplinary perspectives on modern history 
500 |a Includes index. 
504 |a Bibliography: pages 205-229. 
650 0 |a Agricultural laborers  |z England  |x History. 
650 0 |a Household employees  |z England  |x History. 
830 0 |a Interdisciplinary perspectives on modern history. 
999 |a MARS 
999 f f |s 6cc73226-2f06-3d7d-85e0-f153d5f8ab2f  |i 87162f4a-fb3b-30a0-9ae6-637724a0471e  |t 0 
952 f f |p ric  |a Texas A&M University  |b Rellis Campus  |c Joint Library Facility  |d Remote Storage  |t 0  |e HD1532 .K87  |h Library of Congress classification  |i unmediated -- volume  |m A14806126364 
998 f f |a HD1532 .K87  |t 0  |l Remote Storage